Personaggi della Divina Commedia - Purgatorio - Statistics

Statistiche generali
  • Questo quiz è stato fatto 79 volte
  • Il punteggio medio è 7 su 13
Statistiche sulle risposte
Descrizione Personaggio % Corretto
Donna amata da Dante, che appare gloriosamente nel paradiso terrestre e che guiderà il poeta in paradiso Beatrice
90%
Senatore dell'antica Roma, repubblicano durante la guerra tra Cesare e Pompeo, guardiano del Purgatorio Marco Porcio Catone Uticense
81%
Poeta bolognese, padre del Dolce Stil Novo Guido Guinizzelli
75%
Imperatore figlio di Federico II, morto durante la battaglia di Benevento nel 1266 Manfredi di Svevia
62%
Poeta mantovano, protagonista di un affettuoso incontro con Virgilio, lancia un'invettiva contro la situazione politica dell'Italia Sordello da Goito
52%
Poeta latino che si accompagna ai pellegrini divenendo la seconda guida di Dante verso il paradiso terrestre Publio Papinio Stazio
48%
Poeta provenzale, maestro del trobar clus Arnaut Daniel
44%
Musico amico di Dante, che intrattiene le anime con un canto Casella
43%
Amico di Dante, ritrovato nella cornice dei golosi e con cui il poeta si intrattiene Forese Donati
43%
Poeta lucchese con cui Dante formula i dettami del Dolce Stil Novo Bonagiunta Orbicciani
37%
Cortigiano lombardo con cui Dante e Virgilio parlano nella cornice degli iracondi Marco Lombardo
37%
Figura femminile a custodia del paradiso terrestre Matelda
37%
Miniatore e frate umbro che sconta la sua pena nella cornice dei superbi Oderisi da Gubbio
30%
Nessun quiz corrispondente trovato
Distribuzione punteggi
Percentuale di utenti per punteggio
Percentile per numero di risposta
I tuoi punteggi nel tempo
Non hai fatto questo quiz